| 000 | 00618aam a2200241 4500 | ||
|---|---|---|---|
| 005 | 20161011193334.0 | ||
| 008 | 150623b xxu||||| |||| 00| 0 spa d | ||
| 041 | _aEspañol | ||
| 082 | _a530 S492f | ||
| 100 |
_aSerway, Raymond _916148 |
||
| 100 |
_aJewett, Jhon W _926255 |
||
| 245 | _aFísica II: texto basado en cálculo | ||
| 250 | _a3 edición. | ||
| 260 | _aMéxico | ||
| 260 | _bThomson | ||
| 260 | _c2004 | ||
| 300 | _a543 páginas | ||
| 650 |
_aFÍSICA _91953 |
||
| 650 |
_aCORRIENTE ELÉCTRICA _91964 |
||
| 650 |
_aENERGÍA ELÉCTRICA _92135 |
||
| 650 |
_aFÍSICA ATÓMICA _915633 |
||
| 942 | _cBK | ||
| 999 |
_c1448 _d1448 |
||